[Event "Geneve"]
[Site "Geneve"]
[Date "1993.??.??"]
[Round "7"]
[White "Preissmann, Emmanuel"]
[Black "Lanka, Zigurds"]
[Result "0-1"]
[WhiteElo "2330"]
[BlackElo "2540"]

1.e4 c5 2.Nf3 Nc6 3.Bb5 g6 4.O-O Bg7 5.c3 Nf6 6.e5 Nd5 7.d4 cxd4 8.cxd4 O-O
9.Nc3 Nc7 10.Qe2 d6 11.h3 Nxb5 12.Nxb5 a6 13.Nc3 dxe5 14.dxe5 Nd4 15.Nxd4 Qxd4
16.Re1 h6 17.Bd2 Be6 18.Rad1 Qb6 19.b3 Rfd8 20.Na4 Qb5 21.Qxb5 axb5 22.Nc5 Bd5
23.Bc3 e6 24.Rd2 Bc6 25.Red1 Rxd2 26.Rxd2 Rc8 27.Bd4 g5 28.b4 Kh7 29.f3 h5
30.Kf2 h4 31.Ne4 Bxe4 32.fxe4 Kg6 33.a3 Rc4 34.Ke2 Bxe5 35.Bxe5 Rxe4+ 36.Kf3 Rxe5
37.Rd7 f5 38.Rxb7 f4 39.Kf2 Kf5 40.Ra7 Rd5 41.a4 Ke4 42.axb5 Rxb5 43.Ra5 Rd5
44.Rxd5 exd5 45.b5 Ke5 46.Kf3 Kd6 47.Kg4 d4 48.Kf3 d3  0-1

[Event "BL9293 (Women)"]
[Site "Germany"]
[Date "1993.??.??"]
[Round "?"]
[White "Wagner Michel, Annett"]
[Black "Claus, Caroline"]
[Result "1-0"]
[WhiteElo "2175"]
[BlackElo "2135"]

1.e4 c5 2.Nf3 Nc6 3.Bb5 g6 4.O-O Bg7 5.Re1 Nf6 6.Nc3 O-O 7.e5 Ne8 8.d3 Nc7
9.Bxc6 dxc6 10.Be3 b6 11.h3 Nd5 12.Nxd5 cxd5 13.d4 c4 14.Qd2 Bf5 15.c3 b5
16.Nh4 Be6 17.Bh6 Qb6 18.Re2 a5 19.Rf1 Rae8 20.Bxg7 Kxg7 21.f4 f5 22.exf6+ exf6
23.f5 Bf7 24.fxg6 Rxe2 25.Nf5+  1-0

[Event "BL9293 (Women)"]
[Site "Germany"]
[Date "1993.??.??"]
[Round "?"]
[White "Gruenberg, Regina"]
[Black "Maskova, Jana"]
[Result "1/2-1/2"]
[WhiteElo "2150"]
[BlackElo "2220"]

1.e4 c5 2.Nf3 Nc6 3.Bb5 d6 4.d4 cxd4 5.Qxd4 Bd7 6.Bxc6 Bxc6 7.Nc3 e5 8.Qd3 Nf6
9.Bg5 Be7 10.Bxf6 Bxf6 11.O-O O-O 12.Nd5 Bxd5 13.Qxd5 Qc7 14.Rac1 g6 15.Rfd1 Rad8
16.Rd3 Qc6 17.c4 Be7 18.Rb3 Qxd5 19.cxd5 Rc8 20.Rbc3 Rxc3 21.Rxc3 Bd8 22.Rc8 Bb6
23.Rxf8+ Kxf8 24.Nd2 Ke7 25.Kf1 Bd4 26.b3 f5 27.Ke2 Bc3 28.f3 Bxd2 29.Kxd2  1/2-1/2

[Event "BL2-N9293"]
[Site "Germany"]
[Date "1993.??.??"]
[Round "?"]
[White "Slobodjan, Roman"]
[Black "Danschczyk, Christian"]
[Result "1/2-1/2"]
[WhiteElo "2440"]
[BlackElo "2290"]

1.e4 c5 2.Nf3 Nc6 3.Bb5 g6 4.O-O Bg7 5.c3 Nf6 6.e5 Nd5 7.d4 cxd4 8.cxd4 O-O
9.Nc3 Nc7 10.Bf4 Nxb5 11.Nxb5 a6 12.Nc3 d6 13.exd6 exd6 14.h3 Re8 15.a3 d5
16.Qb3 Nxd4 17.Nxd4 Bxd4 18.Rad1 Bxc3 19.bxc3 Qf6 20.Rd4 b5 21.Qxd5 Be6 22.Qf3 Bc4
23.Rc1 Rad8 24.Rxd8 Rxd8 25.Re1 g5 26.Be5 Qxf3 27.gxf3 Re8 28.Re3 Re6 29.f4 gxf4  1/2-1/2

[Event "GER-ch (Women)"]
[Site "Germany"]
[Date "1993.??.??"]
[Round "?"]
[White "Wolter, Kai"]
[Black "Daechert, Regina"]
[Result "0-1"]
[WhiteElo "2250"]
[BlackElo "2215"]

1.e4 c5 2.Nf3 Nc6 3.Bb5 g6 4.O-O Bg7 5.c3 e5 6.Bxc6 dxc6 7.d3 Bg4 8.h3 Bxf3
9.Qxf3 Ne7 10.Rd1 O-O 11.Na3 f5 12.Bg5 h6 13.Bxe7 Qxe7 14.Nc2 Rad8 15.Rd2 Rd6
16.Rad1 Qd8 17.Ne3 f4 18.Nc4 Rd7 19.Qg4 Kh7 20.Qf3 Qf6 21.Na3 Rfd8 22.Nc2 g5
23.Ne1 Qg6 24.Qe2 h5 25.f3 Bf6 26.Qf2 b6 27.g4 hxg4 28.hxg4 Rh8 29.Kf1 Kg8
30.Ke2 Qg7 31.Nc2 Rh4 32.Rg1 Qh8 33.Rdd1 Rh2 34.Rg2 Rdh7 35.Rdg1 Kf7 36.Rxh2 Rxh2
37.Rg2 Rh1 38.Rg1 Rh2 39.Rg2 Rh3 40.Ne1 Be7 41.Nc2 Bf6 42.Ne1 Ke7 43.Nc2 Kd7
44.Na3 Kc7 45.Nb1 a5 46.Nd2 Be7 47.Nf1 c4 48.d4 exd4 49.Qxd4 Qxd4 50.cxd4 c5
51.dxc5 Bxc5 52.Rh2 Rxh2+ 53.Nxh2 Bd4 54.b3 c3 55.Kd3 b5 56.Nf1 Be5 57.Kc2 Kc6
58.Kd3 Kc5 59.a3 b4 60.a4 Bd4 61.Kc2 Bf2 62.Kd3 Bg1 63.Kc2 Kd4  0-1

[Event "GER-ch (Women)"]
[Site "Germany"]
[Date "1993.??.??"]
[Round "?"]
[White "Gruenberg, Regina"]
[Black "Lewandowska, Katarzyna"]
[Result "0-1"]
[WhiteElo "2150"]
[BlackElo "2170"]

1.e4 c5 2.Nf3 Nc6 3.Bb5 a6 4.Bxc6 dxc6 5.h3 e5 6.d3 Bd6 7.a4 b6 8.b3 f6 9.Nbd2 Be6
10.Nc4 a5 11.Be3 Ne7 12.Nxd6+ Qxd6 13.Nd2 O-O 14.O-O g5 15.Qe2 Ng6 16.Nc4 Qc7
17.Rad1 Kh8 18.c3 Nf4 19.Bxf4 gxf4 20.d4 Rg8 21.Qf3 Rg6 22.Kh2 Rag8 23.g3 Rh6
24.h4 exd4 25.Rd3 fxg3+ 26.fxg3 Rxh4+ 27.Kg1 Rg6 28.Kf2 Rh2+ 29.Ke1 Bg4 30.Qf4 Re2+
31.Kd1  0-1

[Event "GER CupT"]
[Site "Germany"]
[Date "1993.??.??"]
[Round "?"]
[White "Weidemann, Joerg"]
[Black "Bewersdorff, Oliver"]
[Result "1-0"]
[WhiteElo "2305"]
[BlackElo "2310"]

1.e4 c5 2.Nf3 Nc6 3.Bb5 d6 4.d4 cxd4 5.Qxd4 Bd7 6.Bxc6 Bxc6 7.O-O Nf6 8.Re1 g6
9.Nc3 Bg7 10.Bg5 O-O 11.Qd2 Rc8 12.Rad1 Re8 13.Bh6 Bh8 14.Nd4 Ng4 15.Nf5 Qd7
16.Qg5 Nxh6 17.Nxh6+ Kf8 18.e5 f6 19.Qf4 Bg7 20.e6 Qc7 21.Rd3 Qa5 22.Nf7 b5
23.Rh3 b4 24.Rxh7 bxc3 25.Qh4 Qh5 26.Rxh5 gxh5 27.Qxh5  1-0

[Event "GER CupT"]
[Site "Germany"]
[Date "1993.??.??"]
[Round "?"]
[White "Velicka, Petr"]
[Black "Pohlers, Juergen"]
[Result "1/2-1/2"]
[WhiteElo "2425"]
[BlackElo "2045"]

1.e4 c5 2.Nf3 Nc6 3.Bb5 g6 4.Bxc6 bxc6 5.O-O Bg7 6.Re1 Rb8 7.e5 Nh6 8.Nc3 O-O
9.d3 Nf5 10.b3 d6 11.Bb2 Nd4 12.exd6 exd6 13.Nxd4 cxd4 14.Ne4 Rb5 15.Bc1 f5
16.Nd2 f4 17.Nf3 g5 18.Bb2 g4 19.Nxd4 Rh5 20.g3 f3 21.Ne6 Bxe6 22.Bxg7 Re8
23.Bc3 Qg5 24.Qd2  1/2-1/2

[Event "NRW-Liga I 9293"]
[Site "Germany"]
[Date "1993.??.??"]
[Round "?"]
[White "Arkhipov, Sergey"]
[Black "Mrva, Martin"]
[Result "1-0"]
[WhiteElo "2515"]
[BlackElo "2365"]

1.e4 c5 2.Nf3 Nc6 3.Bb5 Nf6 4.Bxc6 dxc6 5.d3 c4 6.e5 Nd7 7.e6 Ne5 8.exf7+ Nxf7
9.dxc4 Qxd1+ 10.Kxd1 Bg4 11.Be3 g6 12.Nd2 Bg7 13.Kc1 O-O 14.a4 Bxf3 15.gxf3 Ne5
16.Rd1 Rf5 17.Ra3 b6 18.f4 Ng4 19.Nf3 Rh5 20.Rad3 Rf8 21.Rd8 Nxh2 22.Rxf8+ Bxf8
23.Ne5 c5 24.a5 Rf5 25.Rh1 g5 26.Rxh2 gxf4 27.Rg2+ Bg7 28.Bd2 Kh8 29.Nc6 Bf6
30.a6 f3 31.Rh2 e5 32.Nxa7 Bg7 33.Nc8 Rf8 34.Nxb6 e4 35.a7 Be5 36.Rh4 Bg3
37.Bc3+ Kg8 38.Rg4+ Kf7 39.Rxg3  1-0

[Event "NRW-Liga I 9293"]
[Site "Germany"]
[Date "1993.??.??"]
[Round "?"]
[White "Arkhipov, Sergey"]
[Black "Nun, Jiri"]
[Result "1/2-1/2"]
[WhiteElo "2515"]
[BlackElo "2435"]

1.e4 c5 2.Nf3 Nc6 3.Bb5 e6 4.O-O Nge7 5.c3 d5 6.exd5 Qxd5 7.Re1 Bd7 8.Na3 Ng6
9.Bf1 Be7 10.d4 cxd4 11.Nb5 Rc8 12.Nfxd4 Nxd4 13.Nxd4 O-O 14.Nb5 a6 15.Qxd5 exd5
16.Nd4 Bf6 17.Be3 Ne5 18.Bg5 Ng4 19.Bxf6 Nxf6 20.f3 Rfe8 21.Kf2 Kf8 22.Bd3 Rxe1
23.Rxe1 Re8 24.Rd1 Rb8 25.Bc2 b5 26.a3 Ke7 27.Bb3 Kd6 28.g4 Be6 29.h4 g6
30.Nc2 Ne8 31.Ne3 Nc7 32.f4 f6 33.Bc2 Bf7 34.g5 Rf8 35.Kg3 Re8 36.Kf3 Rf8
37.Ng4 Ne8 38.Bb3 Be6 39.a4 fxg5 40.hxg5 Bxg4+ 41.Kxg4 Nc7 42.axb5 axb5 43.Rd2 Rf7
44.Bc2 Ne6 45.f5 gxf5+ 46.Bxf5 Rg7 47.Bxe6 Kxe6 48.Kh5 b4 49.Rd4 bxc3 50.bxc3 Ke5
51.Rd3 Rg6 52.Rf3 Rg7 53.Kh6 Rg6+  1/2-1/2

[Event "NRW-Liga II 9293"]
[Site "Germany"]
[Date "1993.??.??"]
[Round "?"]
[White "Auer, Martin"]
[Black "Fink Nunn, Petra"]
[Result "1/2-1/2"]
[WhiteElo "2300"]
[BlackElo "2090"]

1.e4 c5 2.Nf3 Nc6 3.Bb5 g6 4.O-O Bg7 5.Re1 e5 6.Bxc6 dxc6 7.h3 Ne7 8.d3 O-O
9.Nbd2 Qc7 10.a3 h6 11.b4 cxb4 12.axb4 Be6 13.Bb2 Rfd8 14.Ra3 c5 15.bxc5 Qxc5
16.Qa1 Nc6 17.Rc3 Qd6 18.Nc4 Qd7 19.Ncd2 a6 20.Nc4 Bxc4 21.Rxc4 Qd6 22.Ra4 Rac8
23.Ba3 Qd7 24.Bc5 Nd4 25.Bxd4 exd4 26.Re2 Rc5 27.e5 Qc7 28.Rxd4 Rxd4 29.Qxd4 Rxc2
30.Rxc2 Qxc2 31.Qd8+ Kh7 32.Qd7 Qc1+ 33.Kh2 Qf4+ 34.Kg1 Qc1+ 35.Kh2 Qf4+  1/2-1/2

[Event "NRW-Liga II 9293"]
[Site "Germany"]
[Date "1993.??.??"]
[Round "?"]
[White "Rechmann, Peter"]
[Black "Telljohann, Sven"]
[Result "1/2-1/2"]
[WhiteElo "2360"]
[BlackElo "2340"]

1.e4 c5 2.Nf3 Nc6 3.Bb5 g6 4.O-O Bg7 5.Re1 Nf6 6.e5 Nd5 7.Nc3 Nc7 8.Bxc6 dxc6
9.Ne4 h6 10.h3 O-O 11.b3 Be6 12.d3 Bd5 13.Bb2 Ne6 14.Qd2 Qc7 15.Qe3 Rad8
16.Ned2 Bxf3 17.Nxf3 Rd5 18.h4 h5 19.Qe4 Qc8 20.Kh1 Rfd8 21.Rg1 Nd4 22.Bxd4 Rxd4
23.Qe3 R4d5 24.Rge1 Qf5 25.Rad1 a6  1/2-1/2

[Event "Oberliga Ost B9293"]
[Site "Germany"]
[Date "1993.??.??"]
[Round "?"]
[White "Mueller, Klaus Uwe"]
[Black "Majer, Damir"]
[Result "0-1"]
[WhiteElo "2345"]
[BlackElo "2225"]

1.e4 c5 2.Nf3 Nc6 3.Bb5 e6 4.O-O Nge7 5.Nc3 a6 6.Bxc6 Nxc6 7.d4 cxd4 8.Nxd4 Be7
9.Be3 Qc7 10.Qe2 b5 11.Rad1 O-O 12.f4 f6 13.Nb3 Na5 14.Rd3 Nc4 15.Bc1 Bb7
16.Rh3 f5 17.exf5 Rxf5 18.Ne4 Raf8 19.Ng3 R5f6 20.f5 Bc5+ 21.Nxc5 Qxc5+ 22.Rf2 exf5
23.b3 Re6 24.Qh5 h6 25.Nf1 Ne5 26.Rg3 f4 27.Rh3 Rg6  0-1

[Event "Oberliga Ost B9293"]
[Site "Germany"]
[Date "1993.??.??"]
[Round "?"]
[White "Mueller, Klaus Uwe"]
[Black "Legde, Georg"]
[Result "0-1"]
[WhiteElo "2345"]
[BlackElo "2265"]

1.e4 c5 2.Nf3 Nc6 3.Bb5 d6 4.O-O Bd7 5.c3 Nf6 6.Re1 a6 7.Ba4 b5 8.Bc2 Bg4
9.h3 Bh5 10.d3 e6 11.Nbd2 Be7 12.g4 Bg6 13.Nh4 Nd7 14.Nxg6 hxg6 15.Qf3 Bg5
16.a4 Nde5 17.Qg2 b4 18.Nb3 Bxc1 19.Raxc1 bxc3 20.bxc3 Qb6 21.a5 Nxa5 22.Nxa5 Qxa5
23.d4 Nd7 24.e5 O-O 25.exd6 cxd4 26.cxd4 Qb4 27.Qc6 Rfd8 28.Be4 Nf6 29.Qc5 Rab8
30.Rb1 Qd2 31.Bb7 Rxb7  0-1

[Event "Oberliga Ost B9293"]
[Site "Germany"]
[Date "1993.??.??"]
[Round "?"]
[White "Mueller, Klaus Uwe"]
[Black "Kopp, Peter"]
[Result "0-1"]
[WhiteElo "2345"]
[BlackElo "2210"]

1.e4 c5 2.Nf3 Nc6 3.Bb5 g6 4.O-O Bg7 5.Re1 Nf6 6.e5 Nd5 7.Nc3 Nc7 8.Bxc6 dxc6
9.d3 Bg4 10.h3 Bxf3 11.Qxf3 Ne6 12.Bf4 O-O 13.Re4 Nd4 14.Qd1 Qd7 15.Qd2 Rad8
16.Rae1 Qe6 17.b3 Rd7 18.Nd1 Rfd8 19.Be3 b6 20.f4 h5 21.Bf2 Bh6 22.Kh2 Qf5
23.Bg3 Kh7 24.Qf2 Qe6 25.Ne3 Nf5 26.Nf1 Rd4 27.Qf3 Rxe4 28.Rxe4 Nxg3 29.Nxg3 Rd4
30.f5 Qd5 31.e6 h4 32.fxg6+ fxg6 33.Qf7+ Bg7 34.Nf1 Rxe4 35.dxe4 Qxe4 36.Qxe7 Qf4+
37.Kg1 Kh6 38.Qf7 Bd4+ 39.Kh1 Qxf7 40.exf7 Kg7 41.g3 hxg3 42.Nxg3 Kxf7 43.Kg2 Ke6
44.Kf3 Be5 45.Ne2 Kf5 46.Nc1 Kg5 47.Nd3 Bd6 48.Nf2 Be7 49.Ne4+ Kf5 50.a4 Ke5
51.Ke3 Bf8 52.a5 Bh6+ 53.Kd3 Bf4 54.a6 Kf5 55.Nc3 Be5 56.Na4 Bc7 57.Ke3 Kg5
58.Kf3 Kh4 59.Kg2 g5 60.Nc3 g4 61.hxg4 Kxg4 62.Kf2 Kf4 63.Ke2 Bd8 64.Kd3 Ke5
65.Ne4 Be7 66.c4 Ke6 67.Nc3 Kd6 68.Ke4 Bf6 69.Nd1 Bd4 70.b4 Kc7 71.Kd3 Kd7
72.bxc5 bxc5 73.Kc2 Kc7  0-1

[Event "Oberliga Nord N9293"]
[Site "Germany"]
[Date "1993.??.??"]
[Round "?"]
[White "Breyther, Ruediger"]
[Black "Pachow, Joerg"]
[Result "1/2-1/2"]
[WhiteElo "2325"]
[BlackElo "2300"]

1.e4 c5 2.Nf3 Nc6 3.Bb5 g6 4.Bxc6 dxc6 5.h3 Bg7 6.O-O e5 7.d3 h6 8.b4 cxb4
9.Bb2 Qc7 10.Qd2 Ne7 11.Qxb4 O-O 12.Qc5 f6 13.Ba3 Rf7 14.Nc3 Be6 15.Nb5 Qd7
16.Nd6 b6 17.Qc3 Rff8 18.Nc4 c5 19.Bb2 Nc6 20.Rfe1 Rac8 21.a4 Kh7 22.Ne3 Nd4
23.Nh2 f5 24.Qd2 f4 25.Bxd4 cxd4 26.Nd5 f3 27.Nxf3 Bxh3 28.Nh2 Be6 29.Re2 Rf7
30.a5 Bxd5 31.exd5 Qxd5 32.axb6 axb6 33.Nf1 Ra8 34.Rxa8 Qxa8 35.Ng3 Qa5 36.Qd1 Ra7
37.Re1 Qa4 38.Ne4 Rc7 39.Qf3 Qc6 40.g3 Qe6 41.Qe2 Ra7 42.Kg2 Ra2 43.Rh1 Kg8
44.Rb1 Qc6 45.Qf3 b5 46.Rb3 Ra6 47.c4 dxc3 48.Rxc3 Qe8 49.Rc7 Re6 50.Qg4 b4
51.Nc5 Rc6 52.Qc4+ Kh7 53.Qb5 Rxc7 54.Qxe8 Rxc5 55.Qa4 Rc3 56.Qxb4 Rxd3 57.Qe7 Rd4
58.Kf3 Rd3+ 59.Kg2 Rd1 60.Kf3 Rd3+ 61.Ke2 Rd4 62.f3 Ra4 63.Ke3 Rd4 64.Ke2  1/2-1/2

[Event "BL2-S9293"]
[Site "Germany"]
[Date "1993.??.??"]
[Round "?"]
[White "Gerigk, Erasmus"]
[Black "Gabriel, Josef"]
[Result "1/2-1/2"]
[WhiteElo "2265"]
[BlackElo "2240"]

1.e4 c5 2.Nf3 Nc6 3.Bb5 d6 4.O-O Bd7 5.Re1 e6 6.c3 a6 7.Bf1 Nge7 8.d4 Ng6
9.a3 Be7 10.b4 cxd4 11.cxd4 O-O 12.Nc3 Rc8 13.Qb3 Bf6 14.Be3 Nh4 15.Nxh4 Bxh4
16.Rec1 Bf6 17.Qd1 b5 18.Rab1 Rb8 19.d5 Ne7 20.dxe6 Bxe6 21.a4 d5 22.Bc5 d4
23.Ne2 d3 24.Ng3 Ba2 25.Nh5 Be5 26.Ra1 d2 27.Rxa2 dxc1=Q 28.Qxc1 Re8 29.axb5 axb5
30.Ng3 Qc7 31.Ra7 Rb7 32.Ra5 Reb8 33.Qg5 Bf6 34.Qg4 g6 35.Ra6 Nc6 36.Nh5 Bc3
37.Nf4 Nxb4 38.Bxb4 Bxb4 39.Nd5 Qc5 40.Qg5 Qd4 41.Nf6+ Kg7 42.Qh4 Rh8 43.Nh5+ Kg8
44.Ra8+ Bf8 45.Rd8 Qe5 46.Nf6+ Kg7 47.Ne8+ Kg8 48.Nf6+ Kg7  1/2-1/2

[Event "Oberliga Nord O9293"]
[Site "Germany"]
[Date "1993.??.??"]
[Round "?"]
[White "Meissner, Hans Juergen"]
[Black "Schramm, Christian"]
[Result "1/2-1/2"]
[WhiteElo "2280"]
[BlackElo "2245"]

1.e4 c5 2.Nf3 Nc6 3.Bb5 g6 4.O-O Bg7 5.c3 e5 6.d4 exd4 7.cxd4 cxd4 8.Bf4 Nge7
9.Bd6 Qb6 10.Na3 Na5 11.e5 Nf5 12.Qe2 Bf8 13.Rfe1 Be7 14.Rad1 O-O 15.Bxe7 Nxe7
16.Nxd4 a6 17.Bc4 Qc5 18.Nb3 Nxb3 19.Bxb3 b5 20.Nc2 Bb7 21.Nd4 Rac8 22.a3 Rc7
23.Qe3 Bd5 24.Bxd5 Nxd5 25.Qg3 Ne7 26.h4 Qb6 27.h5 Rc4 28.Qg5 Re8 29.Re4 Nc6
30.Qe3 Nxd4 31.Rdxd4 Rxd4 32.Rxd4 d6 33.hxg6 hxg6 34.Rxd6 Qxd6 35.exd6 Rxe3
36.fxe3 Kf8 37.Kf2 Ke8 38.Kf3 Kd7 39.Ke4 Kxd6 40.Kd4 f6 41.g4 Ke6 42.Ke4 Kd6  1/2-1/2

[Event "BL2-N9293"]
[Site "Germany"]
[Date "1993.??.??"]
[Round "?"]
[White "Meyer, Claus Dieter"]
[Black "Sieg, Ulrich"]
[Result "1/2-1/2"]
[WhiteElo "2325"]
[BlackElo "2335"]

1.e4 c5 2.Nf3 Nc6 3.Bb5 g6 4.O-O Bg7 5.Re1 Nf6 6.c3 O-O 7.h3 a6 8.Bf1 d5
9.e5 Ne8 10.d4 b6 11.Be3 cxd4 12.cxd4 Nc7 13.Nc3 Ne6 14.Qb3 Bb7 15.Qxd5 Qxd5
16.Nxd5 Rad8 17.Bc4 b5 18.Bb3 Rfe8 19.Rad1 Na5 20.Nf4 Nxf4 21.Bxf4 Nxb3 22.axb3 Rd7
23.Be3 e6 24.Rc1  1/2-1/2

[Event "BL2-O9293"]
[Site "Germany"]
[Date "1993.??.??"]
[Round "?"]
[White "Pfretzschner, Roland"]
[Black "Orlowski, Juergen"]
[Result "1-0"]
[WhiteElo "2265"]
[BlackElo "2275"]

1.e4 c5 2.Nf3 Nc6 3.Bb5 g6 4.O-O Bg7 5.c3 Nf6 6.Re1 O-O 7.d4 Qb6 8.a4 cxd4
9.cxd4 d5 10.e5 Ne4 11.Nc3 Nxc3 12.bxc3 Bg4 13.h3 Bxf3 14.Qxf3 Rad8 15.h4 Na5
16.Bf4 Qe6 17.h5 Rc8 18.Bf1 Rc6 19.g3 Qd7 20.Bb5  1-0

[Event "BL2-O9293"]
[Site "Germany"]
[Date "1993.??.??"]
[Round "?"]
[White "Pfretzschner, Roland"]
[Black "Liebert, Heinz"]
[Result "1/2-1/2"]
[WhiteElo "2265"]
[BlackElo "2385"]

1.e4 c5 2.Nf3 Nc6 3.Bb5 d6 4.O-O Bd7 5.Re1 a6 6.Bxc6 Bxc6 7.d4 cxd4 8.Qxd4 Nf6
9.Bg5 e6 10.Nc3 Be7 11.Nd5 Bxd5 12.exd5 e5 13.Qd2 O-O 14.Bxf6 Bxf6 15.c4  1/2-1/2

[Event "BL2-W9293"]
[Site "Germany"]
[Date "1993.??.??"]
[Round "?"]
[White "Zunker, Reinhard"]
[Black "Bletz, Harald"]
[Result "1-0"]
[WhiteElo "2295"]
[BlackElo "2295"]

1.e4 c5 2.Nf3 Nc6 3.Bb5 g6 4.O-O Bg7 5.c3 a6 6.Bxc6 dxc6 7.d4 Bg4 8.dxc5 Nf6
9.Qe2 O-O 10.Nbd2 Nd7 11.Nb3 Bxf3 12.Qxf3 Ne5 13.Qe2 Qd3 14.Qxd3 Nxd3 15.Rb1 Rad8
16.Be3 f5 17.exf5 gxf5 18.f4 e5 19.fxe5 Bxe5 20.Rf3 f4 21.Bd4 Bxd4+ 22.cxd4 Nb4
23.Rbf1 Nd5 24.g3 Rfe8 25.gxf4 Re4 26.f5 Kf7 27.f6 Rg8+ 28.Kh1 Re2 29.Nc1 Rxb2
30.Nd3 Rxa2 31.Ne5+ Ke6 32.f7 Rf8 33.Re1 Nf6 34.Ng6+  1-0

[Event "BL2-N9293"]
[Site "Germany"]
[Date "1993.??.??"]
[Round "?"]
[White "Meyer, Claus Dieter"]
[Black "Glienke, Manfred"]
[Result "1/2-1/2"]
[WhiteElo "2325"]
[BlackElo "2280"]

1.e4 c5 2.Nf3 Nc6 3.Bb5 g6 4.O-O Bg7 5.Re1 Nf6 6.c3 O-O 7.h3 d5 8.e5 Ne8
9.d4 Qb6 10.Ba4 Bf5 11.dxc5 Qxc5 12.b4 Qb6 13.Qxd5 Rd8 14.Qc5 Qxc5 15.bxc5 Rd5
16.Bxc6 bxc6 17.Be3 Bxe5 18.Nxe5 Rxe5 19.Nd2 Ng7 20.Nb3 Rd5 21.c4 Rd3 22.Nd4 Rc8
23.Rad1 Rxd1 24.Rxd1 Ne6 25.Nxf5  1/2-1/2

[Event "BL2-N9293"]
[Site "Germany"]
[Date "1993.??.??"]
[Round "?"]
[White "Floegel, Ulrich"]
[Black "Hargens, Thomas"]
[Result "0-1"]
[WhiteElo "2275"]
[BlackElo "2285"]

1.e4 c5 2.Nf3 Nc6 3.Bb5 Nf6 4.Qe2 a6 5.Bxc6 dxc6 6.h3 e5 7.d3 Qc7 8.Nbd2 Be7
9.b3 Nd7 10.Bb2 f6 11.Nh4 g6 12.g3 Nf8 13.Ndf3 Be6 14.Ng2 h5 15.Ne3 Qd7 16.h4 Bd6
17.Nd2 Bc7 18.O-O-O Bf7 19.f4 exf4 20.gxf4 Bxf4 21.Bxf6 Rg8 22.Rhf1 Bh6 23.Kb1 Nh7
24.Be5 b5 25.Nf3 O-O-O 26.Bc3 Qe7 27.Ng2 Be8 28.d4 Nf6 29.Rfe1 Bg7 30.Ba5 Rd7
31.Bb6 cxd4 32.Bxd4 Ng4 33.Bxg7 Rxg7 34.e5 Rxd1+ 35.Rxd1 Rf7 36.e6 Rf5 37.Ng5 Rf2
38.Qe4 Nf6 39.Qd4 Rxg2 40.Qb6 Nd5 41.Qxa6+ Kb8 42.Ne4 Qc7 43.Qa3 Qe5 44.Qf8 Qxe4
45.Qxe8+ Kb7  0-1

[Event "BL2-N9293"]
[Site "Germany"]
[Date "1993.??.??"]
[Round "?"]
[White "Cladouras, Panagiotis"]
[Black "Kalinitschew, Sergey"]
[Result "0-1"]
[WhiteElo "2335"]
[BlackElo "2465"]

1.e4 c5 2.Nf3 Nc6 3.Bb5 d6 4.Bxc6+ bxc6 5.O-O Bg4 6.d3 e5 7.Nbd2 Be7 8.Nc4 Nf6
9.a3 O-O 10.b4 Nd7 11.h3 Be6 12.Be3 Qc7 13.Ng5 d5 14.Nxe6 fxe6 15.Nb2 cxb4
16.axb4 Bxb4 17.Qg4 Qd6 18.Na4 d4 19.Bc1 a5 20.h4 Rf7 21.g3 Raf8 22.Kg2 c5
23.h5 c4 24.dxc4 Qc6 25.Qe2 Nf6 26.f3 Nxe4 27.h6 g6 28.Nb2 Nxg3 29.Kxg3 e4
30.f4 e5 31.Qg4 Rf5 32.c5 Qxc5 33.Qe2 exf4+ 34.Rxf4 Qc3+ 35.Kg4 Rg5+  0-1

[Event "BL2-S9293"]
[Site "Germany"]
[Date "1993.??.??"]
[Round "?"]
[White "Arnold, Lothar"]
[Black "Schwamberger, Martin"]
[Result "1-0"]
[WhiteElo "2320"]
[BlackElo "2310"]

1.e4 c5 2.Nf3 Nc6 3.Bb5 e6 4.O-O Nge7 5.b3 a6 6.Bxc6 Nxc6 7.Bb2 d6 8.d4 cxd4
9.Nxd4 Bd7 10.Re1 Qg5 11.Re3 h5 12.Nd2 b5 13.N2f3 Qg6 14.Nf5 e5 15.Qd3 Rc8
16.a3 Rd8 17.Rd1 Bc8 18.c4 bxc4 19.Qxc4 Bb7 20.Red3 Qf6 21.Qa4 Rd7 22.Nxe5 Nxe5
23.Nxd6+ Bxd6 24.Rxd6 O-O 25.Rxd7 Nf3+ 26.gxf3 Qxf3 27.Qd4 Qg4+ 28.Kf1 Bxe4
29.Qxg7+ Qxg7 30.Bxg7 Kxg7 31.Rd8  1-0

[Event "GER op"]
[Site "Germany"]
[Date "1993.??.??"]
[Round "2"]
[White "Schurade, Matthias"]
[Black "Marxen, Peter"]
[Result "1/2-1/2"]
[WhiteElo "2370"]
[BlackElo "2255"]

1.e4 c5 2.Nf3 Nc6 3.Bb5 d6 4.O-O Bd7 5.Re1 Nf6 6.c3 a6 7.Bf1 Bg4 8.h3 Bxf3
9.Qxf3 g6 10.b3 Bg7 11.Bb2 Nd7 12.Na3 O-O 13.Rad1 Qa5 14.Qe3 b5 15.Ra1 e5
16.Nc2 Rac8 17.Qd3 Qc7 18.Ne3 Nf6 19.a4 Rb8 20.axb5 axb5 21.Ra6 Rfd8 22.Rea1 Rb7
23.g3 Bf8 24.Kh2 Rdb8 25.Bg2 Rb6 26.R6a2 R6b7 27.Qe2 Kg7 28.Qd1 Ne7 29.d4 Rd8
30.Qe2 Kg8 31.Rd1 Bg7 32.Ba1 Qb6 33.Rad2 Rbd7 34.h4 h5 35.f3 cxd4 36.cxd4 Nc6
37.Bh3 Re7 38.dxe5 Nxe5 39.Bd4 Qb8 40.Bg2 Rde8 41.Bb2 Qb6 42.Nd5 Nxd5 43.Rxd5 Rb8
44.Rxd6 Qc5 45.R6d5 Qb4 46.Bxe5 Rxe5 47.Qd3 Re7 48.f4 Ra7 49.e5 Ra3 50.Rd8+ Rxd8
51.Qxd8+ Kh7 52.Bd5 Qc3  1/2-1/2

[Event "Gladsaxe"]
[Site "Gladsaxe"]
[Date "1993.??.??"]
[Round "6"]
[White "Hald, Jens Erik Kofoed"]
[Black "Danielsen, Heini"]
[Result "1-0"]
[WhiteElo "2230"]
[BlackElo "2095"]

1.e4 c5 2.Nf3 Nc6 3.Bb5 Qb6 4.Na3 a6 5.Bxc6 Qxc6 6.O-O d6 7.d4 Bg4 8.d5 Qc7
9.Nc4 g6 10.a4 b6 11.h3 Bd7 12.e5 dxe5 13.Nfxe5 Nf6 14.Re1 Qb7 15.Nxg6  1-0

[Event "GRE-ch"]
[Site "GRE"]
[Date "1993.??.??"]
[Round "3"]
[White "Kofidis, Andreas"]
[Black "Mastrokoukos, Georgios"]
[Result "1/2-1/2"]
[WhiteElo "2400"]
[BlackElo "2325"]

1.e4 c5 2.Nf3 Nc6 3.Bb5 g6 4.Bxc6 dxc6 5.h3 Bg7 6.d3 Nf6 7.Nc3 Nd7 8.Be3 e5
9.Qd2 Qe7 10.Bh6 Bxh6 11.Qxh6 f6 12.Nd2 Nf8 13.f4 exf4 14.Qxf4 Ne6 15.Qf2 O-O
16.O-O-O a5 17.h4 a4 18.h5 g5 19.h6 a3 20.b3 Nd4 21.Nf3 Bg4 22.Rdf1 Bxf3
23.gxf3 Qe5 24.Ne2 Nxe2+ 25.Qxe2 b5 26.f4 Qb2+ 27.Kd2 c4 28.bxc4 bxc4 29.Rh3 Rad8
30.Rg3 Qb4+ 31.Kd1 Qb1+ 32.Kd2 Qb4+ 33.Kd1 Qb1+ 34.Kd2 Qb4+ 35.Kd1 Qb1+  1/2-1/2

[Event "GRE-ch"]
[Site "GRE"]
[Date "1993.??.??"]
[Round "6"]
[White "Pandavos, Emanouel"]
[Black "Bousios, Hristos"]
[Result "1-0"]
[WhiteElo "2335"]
[BlackElo "2285"]

1.e4 c5 2.Nf3 Nc6 3.Bb5 Qb6 4.Nc3 e6 5.Bxc6 Qxc6 6.O-O Nf6 7.Re1 d6 8.d4 cxd4
9.Qxd4 e5 10.Qd3 Be7 11.Bg5 Be6 12.Bxf6 Bc4 13.Qd2 Bxf6 14.Rad1 Rd8 15.Nd5 Bxd5
16.Qxd5 Rc8 17.Re2 Qxd5 18.Rxd5 Ke7 19.Kf1 Ke6 20.c3 Rc6 21.Rc2 Rc4 22.Nd2 Rxe4
23.Rxd6+ Kxd6 24.Nxe4+ Ke7 25.Rd2 b6 26.Nxf6 gxf6 27.Ke2 f5 28.g3 h5 29.c4 h4
30.Rd3 hxg3 31.hxg3 Rc8 32.b3 Rc7 33.Rd5 Ke6 34.Rd8 Ke7 35.Rd2 Rc8 36.Rd5 Ke6
37.Kd2 Rc6 38.Kc3 a5 39.a3 f6 40.Rd8 Ke7 41.Rd2 Ke6 42.Rd5 Kf7 43.b4 axb4+
44.axb4 Ke7 45.Kb3 Rc8 46.c5 bxc5 47.Rxc5 Rb8 48.b5 Kf7 49.Kb4 Kg6 50.Rc4 e4
51.Rc6 Kg5 52.b6 Rf8 53.Kb5 Kg4 54.b7 Rb8 55.Kb6 Kf3 56.Rc2 f4 57.gxf4 Kxf4
58.Kc7 Rxb7+ 59.Kxb7 Kf3 60.Kc6 f5 61.Kd5 f4 62.Kd4  1-0

[Event "GRE-ch"]
[Site "GRE"]
[Date "1993.??.??"]
[Round "9"]
[White "Kofidis, Andreas"]
[Black "Grivas, Efstratios"]
[Result "1/2-1/2"]
[WhiteElo "2400"]
[BlackElo "2505"]

1.e4 c5 2.Nf3 Nc6 3.Bb5 d6 4.c3 Nf6 5.d3 e5 6.Nbd2 g6 7.Ba4 Bg7 8.Nf1 O-O
9.Ng3 Rb8 10.O-O b5 11.Bc2 d5 12.Bg5 d4 13.cxd4 cxd4 14.Qd2 Qd6 15.Nh4 Be6
16.f4 exf4 17.Bxf4 Ne5 18.Bxe5 Qxe5 19.Nf3 Qc5 20.Rac1 Ng4 21.Bb3 Qd6 22.Bxe6 Qxe6
23.Qf4 Ne5 24.Nxe5 Bxe5 25.Qd2 Rbc8 26.a3 Qd6 27.Qf2 Rc7 28.Rxc7 Qxc7 29.Rd1 Rc8
30.Nf1 a5 31.g3 a4 32.Nd2 Qc2 33.Rf1 Rc7 34.Nf3 Bg7 35.Qxc2 Rxc2 36.Rf2 Rc1+
37.Kg2 Rd1 38.Rd2 Rb1 39.Rc2 Rd1 40.Rc8+ Bf8 41.Ne5 Kg7 42.Nd7 Be7 43.Re8 Rd2+
44.Kf3 Bg5 45.h4 Be3 46.e5 h5 47.Nf6 Rxb2 48.Rg8+ Kh6 49.Rh8+ Kg7 50.Rg8+ Kh6
51.Rh8+ Kg7 52.Rh7+ Kf8 53.Rh8+ Kg7  1/2-1/2

[Event "Groningen op"]
[Site "Groningen"]
[Date "1993.??.??"]
[Round "4"]
[White "Sutovskij, Emil"]
[Black "Jelen, Igor"]
[Result "1-0"]
[WhiteElo "2410"]
[BlackElo "2325"]

1.e4 c5 2.Nf3 Nc6 3.Bb5 g6 4.Bxc6 dxc6 5.h3 Bg7 6.d3 Nf6 7.Nc3 O-O 8.Be3 b6
9.Qd2 Re8 10.O-O-O a5 11.Bh6 Bh8 12.e5 Nd5 13.Ne4 Bf5 14.h4 Nc7 15.Rde1 Qd5
16.Nc3 Qd7 17.h5 Rad8 18.hxg6 Bxg6 19.Rh4 b5 20.Reh1 b4 21.Ne2 Qd5 22.Kb1 Ne6
23.Nf4 Nxf4 24.Qxf4 a4 25.Bf8 f6 26.Qg4 Kxf8 27.Rxh7 Bxh7 28.Rxh7 Qg8 29.Qh5 Bg7
30.Nh4 Rd5 31.Ng6+ Kf7 32.Nf4+ Kf8 33.Qf5 Red8 34.Ng6+ Ke8 35.Nxe7 Rxe5 36.Qxe5 fxe5
37.Nxg8 Kf7 38.Ne7 Rd6 39.Rxg7+  1-0